[Event "5th IT Lukavac 2016"]
[Site "Lukavac"]
[Date "2016.11.27"]
[Round "7.4"]
[White "Sinanovic, Ermin"]
[Black "Sitnic, Adnan"]
[Result "1/2-1/2"]
[WhiteElo "2016"]
[BlackElo "2247"]
[PlyCount "86"]
[EventDate "2016.11.24"]

1. e4 Nc6 2. d4 e5 3. d5 Nce7 4. Nc3 Ng6 5. Be3 Nf6 6. g3 Bb4 7. Bg2 Bxc3+ 8.
bxc3 d6 9. h3 b6 10. Qd3 O-O 11. Ne2 Nxe4 12. Qxe4 f5 13. Qc4 f4 14. gxf4 exf4
15. Nxf4 Nxf4 16. Bf1 Ng6 17. Be2 Bf5 18. O-O-O Qh4 19. Rd4 Qe7 20. Bg4 Ne5 21.
Qe2 Bxg4 22. hxg4 Nf3 23. Qd3 g6 24. Re4 Ne5 25. Qe2 Qf7 26. f4 Qxd5 27. Bd4
Nc6 28. f5 Nxd4 29. Qh2 Qf7 30. Rxd4 gxf5 31. Rf4 Kh8 32. Rxf5 Qg7 33. Rh5 Rf7
34. g5 Raf8 35. Kb2 Qg6 36. Qg3 Re7 37. Rh6 Qf5 38. a4 Re2 39. Rxh7+ Kg8 40.
Rh8+ Kg7 41. R8h7+ Kg8 42. Rh8+ Kg7 43. R8h7+ Kg8 1/2-1/2

[Event "5th IT Lukavac 2016"]
[Site "Lukavac"]
[Date "2016.11.27"]
[Round "7.5"]
[White "Ahmic, Nesim"]
[Black "Buljubasic, Sabahudin"]
[Result "0-1"]
[WhiteElo "2006"]
[BlackElo "2361"]
[PlyCount "124"]
[EventDate "2016.11.24"]

1. d4 Nf6 2. c3 b6 3. Bf4 Bb7 4. e3 g6 5. Nd2 Bg7 6. Ngf3 d6 7. Bg5 Nbd7 8. Be2
O-O 9. Qc2 c5 10. O-O Rc8 11. Rad1 Qc7 12. h3 Rfe8 13. Bf4 Nf8 14. Rfe1 Ne6 15.
Bh2 Qc6 16. Qb3 Nc7 17. Bf1 b5 18. dxc5 Qxc5 19. a3 Nd7 20. Qc2 a6 21. Nb3 Qb6
22. Nbd4 Nc5 23. e4 e5 24. Nb3 N7e6 25. Nxc5 Nxc5 26. Nd2 d5 27. b4 Nxe4 28.
Nxe4 dxe4 29. Qb3 Qc6 30. Rc1 Bh6 31. Rc2 Kf8 32. Qb2 Qd5 33. a4 Kg8 34. axb5
axb5 35. Qb1 Red8 36. Rce2 e3 37. fxe3 Rxc3 38. e4 Qd4+ 39. Kh1 Bf8 40. Bg1 Qd7
41. Ra2 Rcc8 42. Qb2 Re8 43. Ra7 Ra8 44. Ra5 Bc6 45. Kh2 Bh6 46. Bc5 Rab8 47.
Qe2 Bf8 48. Qe3 Ra8 49. Rea1 Rab8 50. Ra7 Rb7 51. Rxb7 Qxb7 52. Ra7 Qc8 53. Bd3
Qd8 54. Bc2 Re6 55. Bb3 Rf6 56. Bd5 Bxd5 57. Bxf8 Qxf8 58. exd5 Qxb4 59. Ra8+
Kg7 60. Qxe5 Qd6 61. Re8 Qxe5+ 62. Rxe5 Rf5 0-1

[Event "5th IT Lukavac 2016"]
[Site "Lukavac"]
[Date "2016.11.27"]
[Round "7.6"]
[White "Omanovic, Vahidin"]
[Black "Obad, Andrija"]
[Result "0-1"]
[WhiteElo "2002"]
[BlackElo "2260"]
[PlyCount "40"]
[EventDate "2016.11.24"]

1. e4 c5 2. Nf3 d6 3. b3 Nf6 4. d3 Nc6 5. Bb2 e5 6. Nbd2 Be7 7. g3 h6 8. Bg2
Bg4 9. h3 Be6 10. O-O Qd7 11. Kh2 g5 12. Ng1 h5 13. f4 Ng4+ 14. Kh1 gxf4 15.
gxf4 Ne3 16. Qe2 Nxf1 17. Rxf1 f6 18. Nc4 O-O-O 19. Ne3 Rdg8 20. f5 Bf7 0-1

[Event "5th IT Lukavac 2016"]
[Site "Lukavac"]
[Date "2016.11.27"]
[Round "7.7"]
[White "Markovic, Dino"]
[Black "Prskalo, Vladislav"]
[Result "1-0"]
[WhiteElo "2065"]
[BlackElo "1980"]
[PlyCount "47"]
[EventDate "2016.11.24"]

1. d4 Nf6 2. c4 c5 3. dxc5 e6 4. e3 Bxc5 5. Nf3 Nc6 6. b3 d5 7. Bb2 O-O 8. Be2
dxc4 9. Qxd8 Rxd8 10. Bxc4 Nb4 11. Na3 Nd3+ 12. Bxd3 Rxd3 13. Nd4 Bxd4 14. Bxd4
a6 15. Ke2 Rxd4 16. exd4 b5 17. Rhc1 Bb7 18. Kf1 Bd5 19. Rc3 h6 20. Rac1 Kf8
21. Rc8+ Rxc8 22. Rxc8+ Ke7 23. Rc7+ Kd6 24. Rxf7 1-0

[Event "5th IT Lukavac 2016"]
[Site "Lukavac"]
[Date "2016.11.27"]
[Round "7.8"]
[White "Kozarcanin, Sead"]
[Black "Jovovic, Milan"]
[Result "1-0"]
[WhiteElo "2030"]
[BlackElo "1974"]
[PlyCount "72"]
[EventDate "2016.11.24"]

1. Nf3 Nf6 2. d3 e6 3. e4 d5 4. Nbd2 Be7 5. g3 b6 6. Bg2 Bb7 7. e5 Nfd7 8. O-O
O-O 9. Re1 c5 10. h4 Qc7 11. Nf1 Nc6 12. Bf4 Rac8 13. h5 Rfd8 14. N1h2 b5 15.
Ng4 Nd4 16. h6 g6 17. Ng5 Nf5 18. Qd2 Qb6 19. Nh3 d4 20. Be4 c4 21. Bg5 Re8 22.
Bxe7 Nxe7 23. Qg5 Nd5 24. Bxd5 exd5 25. Nf4 Qd8 26. Nf6+ Nxf6 27. exf6 Qd6 28.
Nh5 Rcd8 29. Re7 Bc6 30. Rae1 Ra8 31. Ng7 Rec8 32. Nf5 Qb4 33. Nxd4 Qd6 34. Qe5
Qxe5 35. R1xe5 Kf8 36. g4 Be8 1-0

[Event "5th IT Lukavac 2016"]
[Site "Lukavac"]
[Date "2016.11.27"]
[Round "7.9"]
[White "Barisic, Predrag"]
[Black "Hutinovic, Halim"]
[Result "1-0"]
[WhiteElo "1954"]
[BlackElo "2019"]
[PlyCount "33"]
[EventDate "2016.11.24"]

1. e4 c6 2. d4 d5 3. e5 Bf5 4. Nc3 e6 5. g4 Bg6 6. h4 Nd7 7. h5 Be4 8. f3 Bb4
9. fxe4 Bxc3+ 10. bxc3 dxe4 11. Bg2 Ne7 12. Bxe4 Nd5 13. Bd2 N7b6 14. Qf3 Nc4
15. Bxd5 cxd5 16. Qd3 Nxd2 17. Qxd2 1-0

[Event "5th IT Lukavac 2016"]
[Site "Lukavac"]
[Date "2016.11.27"]
[Round "7.11"]
[White "Salkic, Mahir"]
[Black "Karlovic, Zvonimir"]
[Result "0-1"]
[WhiteElo "2151"]
[BlackElo "1873"]
[PlyCount "54"]
[EventDate "2016.11.24"]

1. d4 d5 2. Nf3 Nf6 3. c4 e6 4. Nc3 Be7 5. g3 O-O 6. Bg2 b6 7. O-O Bb7 8. Bg5
Nbd7 9. Qc2 h6 10. cxd5 hxg5 11. dxe6 fxe6 12. Nxg5 Bxg2 13. Nxe6 Qc8 14. Kxg2
Re8 15. Ne4 Qb7 16. f3 Nxe4 17. Qxe4 Qxe4 18. fxe4 Bd6 19. d5 Nc5 20. Nxc5 Bxc5
21. Rf4 a5 22. Raf1 Rf8 23. Rxf8+ Rxf8 24. Rxf8+ Kxf8 25. e5 Bd4 26. e6 Bxb2
27. Kf3 Ke7 0-1

[Event "5th IT Lukavac 2016"]
[Site "Lukavac"]
[Date "2016.11.27"]
[Round "7.12"]
[White "Nezirovic, Ozren"]
[Black "Aleksic, Neven"]
[Result "0-1"]
[WhiteElo "2039"]
[BlackElo "2131"]
[PlyCount "50"]
[EventDate "2016.11.24"]

1. e4 e5 2. Nf3 Nc6 3. Bc4 Bc5 4. c3 Nf6 5. d3 d6 6. Nbd2 O-O 7. O-O a6 8. Bb3
Ba7 9. Nc4 h6 10. h3 Ne7 11. Ne3 Ng6 12. Nf5 Be6 13. g4 d5 14. Qe2 dxe4 15.
dxe4 Bxb3 16. axb3 Qd7 17. g5 hxg5 18. Bxg5 Qe6 19. b4 Nh5 20. N3h4 Nhf4 21.
Bxf4 exf4 22. Qg4 Qf6 23. Nf3 Rfe8 24. Ng5 Ne5 25. Qxf4 Qxg5+ 0-1

[Event "5th IT Lukavac 2016"]
[Site "Lukavac"]
[Date "2016.11.27"]
[Round "7.15"]
[White "Lapo, Safet"]
[Black "Alic, Amir"]
[Result "1-0"]
[WhiteElo "1799"]
[BlackElo "1998"]
[PlyCount "75"]
[EventDate "2016.11.24"]

1. d4 Nf6 2. Bf4 e6 3. Nf3 b6 4. e3 Bb7 5. Be2 Be7 6. Nbd2 d5 7. c3 Nh5 8. Bg3
Nxg3 9. hxg3 Nd7 10. a4 c5 11. O-O Qc7 12. Bd3 e5 13. dxe5 Nxe5 14. Nxe5 Qxe5
15. Bb5+ Kf8 16. Nf3 Qc7 17. Bd3 h5 18. Nh4 Bc8 19. Qf3 Bxh4 20. gxh4 Be6 21.
Bf5 Kg8 22. Rfd1 Qe5 23. Bxe6 fxe6 24. Qf4 Qxf4 25. exf4 Rf8 26. g3 a5 27. Re1
Rh6 28. Rad1 Kf7 29. Re5 Ke7 30. Rdxd5 Rd8 31. Rxd8 Kxd8 32. Kg2 Kd7 33. Kf3
Kd6 34. Ke4 Rh8 35. Rg5 Rh7 36. Rg6 Ke7 37. Ke5 Kd7 38. Rxe6 1-0

[Event "5th IT Lukavac 2016"]
[Site "Lukavac"]
[Date "2016.11.27"]
[Round "7.17"]
[White "Zupcevic, Nedim"]
[Black "Zenelaj, Fisnik"]
[Result "1/2-1/2"]
[WhiteElo "2080"]
[BlackElo "1934"]
[PlyCount "25"]
[EventDate "2016.11.24"]

1. d4 Nf6 2. Nf3 d5 3. g3 Bf5 4. Bg2 e6 5. O-O Be7 6. c4 c6 7. Nc3 O-O 8. cxd5
exd5 9. Qb3 Qb6 10. Qxb6 axb6 11. Ne5 Nbd7 12. f4 Bb4 13. Bd2 1/2-1/2

[Event "5th IT Lukavac 2016"]
[Site "Lukavac"]
[Date "2016.11.27"]
[Round "7.18"]
[White "Nalic, Ahmet"]
[Black "Habibovic, Hazim"]
[Result "1-0"]
[WhiteElo "2019"]
[BlackElo "1915"]
[PlyCount "105"]
[EventDate "2016.11.24"]

1. e4 d6 2. d4 g6 3. Nf3 Bg7 4. Be3 Nf6 5. Nbd2 O-O 6. h3 Nc6 7. c3 e5 8. Rc1
Ne8 9. Nb3 f5 10. dxe5 Nxe5 11. Nxe5 Bxe5 12. exf5 Bxf5 13. Bc4+ Kh8 14. Nd4
Ng7 15. Nf3 c6 16. Nxe5 dxe5 17. Bc5 Qg5 18. Bxf8 Rxf8 19. O-O Bxh3 20. g3 Bxf1
21. Qxf1 Nf5 22. Qe1 Nh4 23. Be2 e4 24. Kh2 Nf3+ 25. Bxf3 exf3 26. Rd1 Qh5+ 27.
Kg1 Qh3 28. Qf1 Qe6 29. b3 Re8 30. Qd3 Qf6 31. Qd7 Re7 32. Qd3 g5 33. g4 Kg7
34. Qd4 h5 35. gxh5 Qxd4 36. Rxd4 Kh6 37. Kh2 Kxh5 38. Kg3 g4 39. Rxg4 Re2 40.
Rg7 Rxa2 41. Kxf3 Rc2 42. Rxb7 Rxc3+ 43. Ke4 a5 44. f4 a4 45. bxa4 Rc4+ 46. Kf5
Rc5+ 47. Ke6 Kg4 48. Rb4 Rf5 49. Kd6 Rf6+ 50. Kc5 Kf5 51. a5 Rf8 52. a6 Ra8 53.
Ra4 1-0

[Event "5th IT Lukavac 2016"]
[Site "Lukavac"]
[Date "2016.11.27"]
[Round "7.19"]
[White "Zivkovic, Milenko"]
[Black "Imamovic, Samir"]
[Result "0-1"]
[WhiteElo "1988"]
[BlackElo "1898"]
[PlyCount "114"]
[EventDate "2016.11.24"]

1. d4 d5 2. e4 dxe4 3. Nc3 g6 4. Nxe4 Bg7 5. Nf3 b6 6. Bd3 Bb7 7. O-O Nd7 8. c3
Ngf6 9. Qe2 O-O 10. Bg5 Bxe4 11. Bxe4 Nxe4 12. Qxe4 Nf6 13. Qh4 Qd6 14. Rfe1
Rae8 15. Re5 Nd5 16. Rxd5 Qxd5 17. Bxe7 h6 18. Bxf8 Kxf8 19. Qf4 Qc4 20. Qc1
Qe2 21. Rb1 g5 22. Qd2 Qe6 23. b3 Qf5 24. Re1 Rd8 25. Qe2 Bf6 26. Qe4 Qa5 27.
Qc2 c5 28. Kf1 g4 29. Ne5 cxd4 30. cxd4 Rxd4 31. Nxg4 Qa6+ 32. Kg1 Rxg4 33. Qc6
Kg7 34. h3 Rd4 35. Re3 Rd3 36. Re8 Rd1+ 37. Kh2 Qf1 38. Qf3 Qd3 39. Qg4+ Bg5
40. h4 Qd6+ 41. g3 Qd5 42. Qe4 Qxe4 43. Rxe4 Bf6 44. Re2 Rb1 45. Kg2 Rb2 46.
Kf3 Rxe2 47. Kxe2 Kg6 48. Kf3 Kh5 49. Kf4 Bd4 50. f3 f6 51. Ke4 Bc3 52. Kf5 a6
53. a4 a5 54. g4+ Kxh4 55. Kg6 Kg3 56. Kxh6 Kxf3 57. Kh5 Ke3 0-1

[Event "5th IT Lukavac 2016"]
[Site "Lukavac"]
[Date "2016.11.27"]
[Round "7.20"]
[White "Harcin, Amer"]
[Black "Basic, Enver"]
[Result "1-0"]
[WhiteElo "1952"]
[BlackElo "1869"]
[PlyCount "89"]
[EventDate "2016.11.24"]

1. d4 d5 2. c4 e6 3. Nc3 Nf6 4. cxd5 exd5 5. Bg5 Nbd7 6. e3 c6 7. Bd3 Be7 8.
Nf3 O-O 9. O-O Re8 10. Rb1 a5 11. Qc2 Nf8 12. a3 Nh5 13. Bxe7 Rxe7 14. b4 axb4
15. axb4 Nf6 16. b5 Bd7 17. Ne5 Be8 18. f4 Qd6 19. Ne2 Rc7 20. Rfc1 Rac8 21. b6
Re7 22. Bf5 Bd7 23. Ra1 Bxf5 24. Qxf5 Rce8 25. Ng3 Qd8 26. Rcb1 N6d7 27. Qg4
Nf6 28. Qf3 N8d7 29. Nf5 Re6 30. Qg3 Nh5 31. Qg4 Nxe5 32. fxe5 g6 33. Rf1 Rf8
34. Nh6+ Kg7 35. Nxf7 Qe7 36. Nd6 Rxd6 37. Rxf8 Qxf8 38. exd6 Qxd6 39. Ra7 Qe7
40. Qf3 h6 41. h3 Nf6 42. Qf4 g5 43. Rxb7 Qxb7 44. Qc7+ Nd7 45. Qxb7 1-0

[Event "5th IT Lukavac 2016"]
[Site "Lukavac"]
[Date "2016.11.27"]
[Round "7.21"]
[White "Uysal, Ugur"]
[Black "Mujacic, Haris"]
[Result "1-0"]
[WhiteElo "1532"]
[BlackElo "1947"]
[PlyCount "69"]
[EventDate "2016.11.24"]

1. Nf3 d5 2. d4 Nf6 3. c4 dxc4 4. e3 b5 5. a4 b4 6. Bxc4 e6 7. O-O Be7 8. Nbd2
Bb7 9. Nb3 O-O 10. Qe2 a5 11. Bd3 Nbd7 12. e4 c5 13. dxc5 Nxc5 14. Nxc5 Bxc5
15. Bg5 h6 16. Bh4 g5 17. Bg3 Nh5 18. Rfd1 Nxg3 19. hxg3 Qe7 20. Rac1 Rac8 21.
Ne5 Ba8 22. Qh5 Kg7 23. Ng4 Rh8 24. e5 Qb7 25. Qh2 Be7 26. Rxc8 Qxc8 27. Ne3
Qc5 28. Bb5 Qxe5 29. Rd7 Qxb2 30. Rxe7 Qc1+ 31. Bf1 b3 32. Qh5 Rf8 33. Ng4 b2
34. Qxh6+ Kg8 35. Nf6# 1-0

[Event "5th IT Lukavac 2016"]
[Site "Lukavac"]
[Date "2016.11.27"]
[Round "7.23"]
[White "Janjic, Nikola"]
[Black "Kasumovic, Muhidin"]
[Result "1-0"]
[WhiteElo "1873"]
[BlackElo "2044"]
[PlyCount "71"]
[EventDate "2016.11.24"]

1. c4 Nc6 2. Nc3 Nf6 3. g3 e5 4. Bg2 Bc5 5. e3 d6 6. Nge2 a6 7. O-O O-O 8. b3
Bd7 9. Bb2 Rb8 10. d4 Ba7 11. dxe5 Nxe5 12. Nd5 Ne8 13. Nd4 c6 14. Nf4 Rc8 15.
a4 f5 16. Nde6 Qf6 17. Nxf8 Qxf8 18. Bxe5 dxe5 19. Qxd7 Nf6 20. Qe6+ Kh8 21.
Qxe5 Ng4 22. Qc3 Re8 23. Rfe1 Bc5 24. Re2 Qd6 25. Nd3 Ba7 26. c5 Qh6 27. h3 Nf6
28. Rd1 Bb8 29. Red2 g5 30. Ne1 Be5 31. Qc2 f4 32. Rd8 fxe3 33. Rxe8+ Nxe8 34.
Rd8 exf2+ 35. Qxf2 Qe6 36. Qf8+ 1-0

[Event "5th IT Lukavac 2016"]
[Site "Lukavac"]
[Date "2016.11.27"]
[Round "7.24"]
[White "Osmanbegovic, Avdo"]
[Black "Unkic, Mesud"]
[Result "0-1"]
[WhiteElo "2027"]
[BlackElo "1784"]
[PlyCount "68"]
[EventDate "2016.11.24"]

1. e4 e5 2. Nf3 Nc6 3. Nc3 Bc5 4. Bc4 d6 5. d3 h6 6. O-O Be6 7. h3 Nf6 8. a3
O-O 9. b4 Bb6 10. Rb1 Nh7 11. Bb2 Qd7 12. Kh2 Nd4 13. a4 a5 14. b5 f5 15. Nxd4
Bxd4 16. exf5 Rxf5 17. Bxe6+ Qxe6 18. Qg4 Qf7 19. Nd1 Bxf2 20. Ne3 Rf4 21. Rxf2
Rxf2 22. Qc4 Rf8 23. Rf1 Rxf1 24. Nxf1 Ng5 25. Qxf7+ Rxf7 26. Kg1 Rf4 27. c4
Ne6 28. Bc3 b6 29. Ne3 Nc5 30. Nd5 Rf7 31. d4 Nxa4 32. dxe5 Nxc3 33. Nxc3 dxe5
34. Nd5 a4 0-1

[Event "5th IT Lukavac 2016"]
[Site "Lukavac"]
[Date "2016.11.27"]
[Round "7.25"]
[White "Mulic, Sulejman"]
[Black "Rakita, Jandrija"]
[Result "1-0"]
[WhiteElo "1937"]
[BlackElo "1544"]
[PlyCount "63"]
[EventDate "2016.11.24"]

1. e4 e5 2. Nf3 d6 3. h3 Be6 4. d4 exd4 5. Nxd4 Nf6 6. Bd3 h6 7. c3 c5 8. Nxe6
fxe6 9. Nd2 a6 10. Nf3 Nc6 11. O-O Be7 12. e5 dxe5 13. Bg6+ Kf8 14. Qb3 Qc8 15.
Re1 Bd6 16. Nh4 Ke7 17. f4 Kd8 18. f5 Kc7 19. fxe6 Na5 20. Qa4 Nc6 21. Bf7 Nd8
22. Ng6 Nxf7 23. exf7 Qe6 24. Nxh8 Rxh8 25. Be3 Kb8 26. Rad1 e4 27. Rf1 Rf8 28.
Rxd6 Qxd6 29. Bf4 Kc7 30. Bxd6+ Kxd6 31. Rxf6+ gxf6 32. Qe8 1-0

[Event "5th IT Lukavac 2016"]
[Site "Lukavac"]
[Date "2016.11.27"]
[Round "7.26"]
[White "Yurdakul, Didem Nuray"]
[Black "Cabric, Izet"]
[Result "1/2-1/2"]
[WhiteElo "1562"]
[BlackElo "1933"]
[PlyCount "113"]
[EventDate "2016.11.24"]

1. e4 d6 2. d4 Nf6 3. Nc3 g6 4. Nf3 Bg7 5. Be3 O-O 6. Qd2 Ng4 7. Bg5 Nc6 8. h3
Nf6 9. Bh6 a6 10. h4 Bg4 11. Bxg7 Kxg7 12. Ng5 h6 13. Nh3 e5 14. d5 Nd4 15. Ng1
c6 16. f3 Bc8 17. g4 cxd5 18. Nxd5 b5 19. c3 Nc6 20. O-O-O Be6 21. Nxf6 Qxf6
22. g5 hxg5 23. hxg5 Qe7 24. Kb1 Rad8 25. Bh3 Rh8 26. Bxe6 Rxh1 27. Bh3 d5 28.
exd5 Qc5 29. Qg2 Rxd5 30. Rc1 Rxg1 31. Qxg1 Qxg1 32. Rxg1 Rd3 33. Bg4 Rd2 34.
Kc1 Rh2 35. Rd1 Na5 36. Rd7 Kf8 37. Rd8+ Ke7 38. Rd7+ Ke8 39. Rd5 Nc4 40. b3
Rh1+ 41. Rd1 Rxd1+ 42. Kxd1 Ne3+ 43. Ke2 Nd5 44. Kd2 Ke7 45. b4 Kd6 46. Bc8 Nc7
47. Kd3 Kd5 48. Bb7+ Kd6 49. Ke4 Ne6 50. Bxa6 Nxg5+ 51. Ke3 Kc6 52. c4 bxc4 53.
Bxc4 f5 54. f4 exf4+ 55. Kxf4 Ne4 56. Bf7 Nc3 57. Bxg6 1/2-1/2

[Event "5th IT Lukavac 2016"]
[Site "Lukavac"]
[Date "2016.11.27"]
[Round "7.29"]
[White "Aydin, Gulenay"]
[Black "Muhibic, Cazim"]
[Result "0-1"]
[WhiteElo "1416"]
[BlackElo "1931"]
[PlyCount "90"]
[EventDate "2016.11.24"]

1. e4 Nf6 2. Nc3 d5 3. exd5 Nxd5 4. Bc4 c6 5. Qf3 e6 6. Nxd5 exd5 7. Bb3 Be7 8.
d4 O-O 9. Ne2 Nd7 10. O-O Nf6 11. h3 h6 12. c3 Ne4 13. Bc2 f5 14. Nf4 Bd6 15.
Re1 Bd7 16. Nd3 Qf6 17. Bf4 Rae8 18. Bxd6 Qxd6 19. Ne5 Bc8 20. Qd3 Qf6 21. f4
Kh7 22. Kh2 g5 23. fxg5 hxg5 24. Re2 Kg7 25. Qf3 Rh8 26. Kg1 Rh4 27. Bxe4 dxe4
28. Qe3 Be6 29. Kf2 Bd5 30. Ke1 f4 31. Qg1 e3 32. Kd1 Rxe5 33. dxe5 Qxe5 34.
Kc1 Bc4 35. Re1 Kf6 36. Kb1 Qe4+ 37. Kc1 Bd5 38. g3 Rxh3 39. gxf4 gxf4 40. b3
Rh1 41. Qxh1 Qxh1 42. Rxh1 Bxh1 43. Kc2 Be4+ 44. Kd1 f3 45. Ke1 Bd3 0-1

[Event "5th IT Lukavac 2016"]
[Site "Lukavac"]
[Date "2016.11.27"]
[Round "7.30"]
[White "Softic, Kasim"]
[Black "Lipovcic, Marko"]
[Result "1-0"]
[WhiteElo "1871"]
[BlackElo "1325"]
[PlyCount "85"]
[EventDate "2016.11.24"]

1. e4 c5 2. Nf3 d6 3. d4 cxd4 4. Nxd4 Nf6 5. Nc3 g6 6. Be2 Bg7 7. Be3 O-O 8.
Qd2 Nc6 9. O-O Ng4 10. Nxc6 bxc6 11. Bxg4 Bxg4 12. Bh6 Qb6 13. Bxg7 Kxg7 14. b3
Rad8 15. h3 Bc8 16. Kh1 Ba6 17. Rfe1 e6 18. f4 d5 19. e5 c5 20. Nd1 f6 21.
exf6+ Rxf6 22. Qe3 Qc6 23. Kh2 Bb7 24. Nb2 d4 25. Qg3 h5 26. h4 Rxf4 27. Rxe6
Qxe6 28. Qxf4 Rf8 29. Qg3 Qe2 30. Re1 Qxc2 31. Re7+ Rf7 32. Qe5+ Kg8 33. Re8+
Rf8 34. Qe6+ Kg7 35. Re7+ Kh6 36. Rxb7 Rf2 37. Qc6 Qxb2 38. Rxa7 d3 39. Qb7 Qh8
40. Qe7 Rf5 41. Qe3+ g5 42. hxg5+ Rxg5 43. Ra6+ 1-0

[Event "5th IT Lukavac 2016"]
[Site "Lukavac"]
[Date "2016.11.27"]
[Round "7.34"]
[White "Brcaninovic, Enes"]
[Black "Peric, Pero"]
[Result "1-0"]
[WhiteElo "1650"]
[BlackElo "1761"]
[PlyCount "105"]
[EventDate "2016.11.24"]

1. e4 c5 2. Nf3 Nc6 3. d4 cxd4 4. Nxd4 g6 5. Nc3 Bg7 6. Be3 Nf6 7. f3 Qb6 8.
Bb5 a6 9. Bxc6 dxc6 10. Rb1 Nd7 11. Qd2 O-O 12. Ne6 c5 13. Nxf8 Kxf8 14. Bh6
Ne5 15. Bxg7+ Kxg7 16. Qd5 f6 17. Qb3 Qa7 18. Qd5 Bd7 19. Rd1 Bc6 20. Qd2 Nc4
21. Qc1 b5 22. b3 Ne5 23. Qe3 e6 24. O-O Re8 25. Rfe1 f5 26. Kh1 b4 27. Nb1 Nf7
28. Nd2 h6 29. Nc4 Qe7 30. exf5 gxf5 31. Ne5 Bd5 32. Nxf7 Kxf7 33. Qxh6 Rg8 34.
Rxd5 Rg6 35. Qh5 Qc7 36. Rde5 Kg7 37. Rxe6 Rxe6 38. Rxe6 Qf4 39. Qh6+ Qxh6 40.
Rxh6 Kxh6 41. Kg1 Kg5 42. Kf2 Kh4 43. Ke3 Kg5 44. g3 a5 45. h4+ Kf6 46. Kf4 Ke6
47. g4 fxg4 48. fxg4 Kd5 49. h5 c4 50. h6 a4 51. h7 axb3 52. axb3 cxb3 53. cxb3
1-0

[Event "5th IT Lukavac 2016"]
[Site "Lukavac"]
[Date "2016.11.27"]
[Round "7.35"]
[White "Sabanagic, Mirza"]
[Black "Hodzic, Mujo"]
[Result "1-0"]
[WhiteElo "1596"]
[BlackElo "1441"]
[PlyCount "58"]
[EventDate "2016.11.24"]

1. e4 d5 2. exd5 Qxd5 3. Nc3 Qa5 4. Nf3 Nf6 5. Be2 Bf5 6. O-O c6 7. d4 e6 8.
Bf4 Be7 9. Bd3 Bg4 10. h3 Bh5 11. Re1 O-O 12. Ne4 Nd5 13. Bh2 Nd7 14. c3 N7f6
15. Ng3 Bg6 16. Bxg6 hxg6 17. Qc2 Bd6 18. Ne5 Rac8 19. Nc4 Qd8 20. Nxd6 Qxd6
21. Ne4 Qd7 22. Nd6 Rcd8 23. Rad1 Ne8 24. Nc4 Nef6 25. Ne5 Qe8 26. Qb3 Rb8 27.
Nc4 Rc8 28. Nd6 Qd7 29. Nxc8 Rxc8 1-0

[Event "5th IT Lukavac 2016"]
[Site "Lukavac"]
[Date "2016.11.27"]
[Round "7.37"]
[White "Ozturk, Nil"]
[Black "Mutapcic, Nijaz"]
[Result "0-1"]
[WhiteElo "1314"]
[BlackElo "1710"]
[PlyCount "98"]
[EventDate "2016.11.24"]

1. e4 g6 2. d4 d6 3. Nc3 e6 4. Nf3 f6 5. Be3 Ne7 6. Bd3 e5 7. dxe5 fxe5 8. Qd2
Be6 9. O-O-O c6 10. a3 Qc7 11. Be2 Ng8 12. Ng5 Qe7 13. Kb1 Nd7 14. f4 O-O-O 15.
Na4 b6 16. Qc3 Kb7 17. Nxe6 Qxe6 18. Bc4 Qe7 19. Qb3 Ngf6 20. Nc3 exf4 21. Bxf4
Ne5 22. Bf1 Bg7 23. a4 Nfd7 24. Bg3 Nc5 25. Qa2 a5 26. Be2 Rhf8 27. Rhf1 Rxf1
28. Rxf1 Rf8 29. Bxe5 Rxf1+ 30. Bxf1 Bxe5 31. Be2 Bxh2 32. Qc4 Qe6 33. Qd4 Be5
34. Qe3 Bxc3 35. Qxc3 Nxe4 36. Qg7+ Kb8 37. Ba6 Nc5 38. Qh8+ Ka7 39. Bc8 Qf7
40. Bh3 Nxa4 41. Qc8 Qf4 42. Ka2 Qc4+ 43. Kb1 Qf1+ 44. Ka2 Qc4+ 45. Kb1 Qd4 46.
Qc7+ Ka6 47. c3 Qd1+ 48. Ka2 Qc2 49. Bc8+ Kb5 0-1